| 000 | 01220nam a22003617a 4500 | ||
|---|---|---|---|
| 003 | CHAP | ||
| 005 | 20220817043701.0 | ||
| 008 | 000616d1999 it a rn 00110 eng d | ||
| 010 | _a81569 | ||
| 011 | _a82541 | ||
| 020 | _a9251043507 | ||
| 035 | _a93039 | ||
| 040 | _cCHAP | ||
| 082 | 0 | 4 |
_a631.5 _bF34 v.2 |
| 110 | 2 | _aFAO | |
| 245 | 1 | 0 |
_aIntegrated crop and land management in the hilly terrains of Central America: _bconcepts, strategies, and technical options _c/ by Richard Barber |
| 260 |
_aRome : _bFAO, _c1999. |
||
| 300 |
_a55 p. : _bilus. |
||
| 490 | 0 |
_aFAO. Gestión integrada de cultivos _v; 2 |
|
| 590 |
_aBATCH-UPD _b10 _c20130110 _lUCH01 _h1008 |
||
| 590 |
_aBATCH-UPD _b10 _c20130410 _lUCH01 _h0617 |
||
| 590 |
_aBATCH-UPD _b10 _c20130913 _lUCH01 _h2221 |
||
| 590 |
_aCONVERSION _b10 _c20130109 _lUCH01 _h1345 |
||
| 650 | 1 | 4 | _aAgricultura sustentable. |
| 650 | 1 | 4 |
_aCapacitación. _918690 |
| 650 | 1 | 4 |
_aExtención agrícola _xAmérica Central. _939137 |
| 650 | 1 | 4 |
_aLaderas. _964360 |
| 830 | 0 | 0 |
_aFAO. Gestión integrada de cultivos _v; 2 _939569 |
| 901 | _aBK | ||
| 905 | _aPatricia Mendoza P. | ||
| 942 | _cLIBRO | ||
| 949 |
_a631.5 F34 v.2 _bBC _cFAO _d33724000779880 _eFAO1 _h98045 _i93039 _kDonaciØn _sb |
||
| 999 |
_c81569 _d81569 |
||